LEADER 04436oam 2200745I 450 001 9910457679403321 005 20200520144314.0 010 $a1-315-70580-X 010 $a1-317-47495-3 010 $a1-280-93422-0 010 $a9786610934225 010 $a0-7656-2004-9 024 7 $a10.4324/9781315705804 035 $a(CKB)1000000000348480 035 $a(EBL)302413 035 $a(OCoLC)368063692 035 $a(SSID)ssj0000121369 035 $a(PQKBManifestationID)11142658 035 $a(PQKBTitleCode)TC0000121369 035 $a(PQKBWorkID)10110713 035 $a(PQKB)11436693 035 $a(MiAaPQ)EBC1900036 035 $a(MiAaPQ)EBC302413 035 $a(Au-PeEL)EBL1900036 035 $a(CaPaEBR)ebr10178095 035 $a(CaONFJC)MIL93422 035 $a(OCoLC)898771396 035 $a(OCoLC)958106982 035 $a(Au-PeEL)EBL302413 035 $a(OCoLC)648639256 035 $a(EXLCZ)991000000000348480 100 $a20180706e20152006 uy 0 101 0 $aeng 135 $aurcn||||||||| 181 $ctxt 182 $cc 183 $acr 200 00$aChina's domestic private firms $emultidisciplinary perspectives on management and performance /$fAnne S. Tsui, Yanjie Bian, and Leonard Cheng, editors 210 1$aLondon ;$aNew York :$cRoutledge,$d2015. 215 $a1 online resource (352 p.) 300 $a"An East Gate book." 300 $aFirst published 2006 by M.E. Sharpe. 311 $a0-7656-1383-2 311 $a0-7656-1382-4 320 $aIncludes bibliographical references and index. 327 $aExplaining the growth and development of the Chinese domestic private sector / Anne S. Tsui, Yanjie Bian, and Leonard Cheng -- Explaining China's emerging private economy : sociological perspectives / Yanjie Bian and Zhanxin Zhang -- Family businesses in China, 1978-96 : entry and performance / Xiaogang Wu -- Transnational or social capital? returnees versus local entrepreneurs / Wilfried R. Vanhonacker, David Zweig, and Siu Fung Chung -- The sweatshop and beyond : authority relations in domestic private enterprises / Yi-min Lin -- Property rights regimes and firm behavior : theory versus evidence / Xueguang Zhou, He Cai, and Qiang Li -- Observing private business in China / Thomas B. Gold -- A survey of the economics literature of China's nonstate enterprises / David Daokui Li -- Decentralization and the structure of Chinese corporate boards : do politicians jeopardize board professionalism and firm performance? / Dong-Hua Chen, Joseph P.H. Fan, and T.J. Wong -- Firm behavior in a mixed market : the case of China / Changqi Wu and David D. Li -- In marketplace and boardroom : what do we know and not know about China's nonstate enterprises? / Yijiang Wang -- China's domestic private firms : a literature review and directions for future research / Jiatao Li and Ji Yu Yang -- Authority and benevolence : employee's responses to paternalistic leadership in China / Jiing-Lih Farh ... [et al.] -- The commitment-focused HRM system : adoption and performance implications in domestic private firms / Yaping Gong, Kenneth Law, and Katherine Xin -- Lenovo's pursuit of dynamic strategic fit / Steven White and Wei Xie -- The emergence of China's private-sector firms : theory development in the midst of evolving institutional and industrial conditions / Claudia Bird Schoonhoven -- China's private sector : a global perspective / Andrew G. Walder. 330 $aOne of the most important outcomes of market reforms in China has been the emergence of a significant domestic private sector. This book presents an analysis of the management and operation of these domestic private firms, which are defined as companies or organizations created by PRC citizens, including township enterprises and collectives. 606 $aSmall business$zChina 606 $aSmall business$xManagement$zChina 607 $aChina$xEconomic conditions 608 $aElectronic books. 615 0$aSmall business 615 0$aSmall business$xManagement 676 $a338.6/10951 686 $a85.05$2bcl 701 $aBian$b Yanjie$f1955-$0955669 701 $aCheng$b Leonard K$g(Leonard Kwok-Hon)$0960274 701 $aTsui$b Anne S$0960275 801 0$bMiAaPQ 801 1$bMiAaPQ 801 2$bMiAaPQ 906 $aBOOK 912 $a9910457679403321 996 $aChina's domestic private firms$92176556 997 $aUNINA LEADER 01302nam 2200445 450 001 9910151737203321 005 20131022075803.0 010 $a1-62618-055-5 035 $a(CKB)3710000000952194 035 $a(MiAaPQ)EBC4759587 035 $a(EXLCZ)993710000000952194 100 $a20130815h20132013 uy| 0 101 0 $aeng 135 $aurcnu|||||||| 181 $2rdacontent 182 $2rdamedia 183 $2rdacarrier 200 00$aSpecialty crops $efederal programs and insurance /$fKatelin Fransen, editor 210 1$aNew York :$cNova Science Publishers,$d[2013] 210 4$dİ2013 215 $a1 online resource (158 pages) $cillustrations, maps 225 1 $aAgriculture issues and policies 311 $a1-62618-054-7 320 $aIncludes bibliographical references and index. 410 0$aAgriculture issues and policies series. 606 $aSpecialty crops 606 $aAgriculture and state 606 $aCrop insurance 615 0$aSpecialty crops. 615 0$aAgriculture and state. 615 0$aCrop insurance. 676 $a338.1873 702 $aFransen$b Katelin 801 0$bMiAaPQ 801 1$bMiAaPQ 801 2$bMiAaPQ 906 $aBOOK 912 $a9910151737203321 996 $aSpecialty crops$92877637 997 $aUNINA